000 00561nam a22001697a 4500
999 _c9379
_d9379
008 210409b ||||| |||| 00| 0 eng d
040 _aBMS College of Architecture
100 _aVailaya, K Shalini
245 _aConnectingtwin cities with assessment of development plan along Hdbrts
300 _a60p.
500 _a1BM13AHD06
502 _8M.Arch
_NBMS College of Architecture, Visvesvaraya Technological University
_aDissertation
_d2015
650 _aCity
700 _aMamatha P Raj
_eGuide
700 _aSadashiv Chakravarthy
_eGuide
942 _2ddc
_cPGTHE